German Football Clubs in 21/22 - Statistics

General Stats
  • This quiz has been taken 66 times
  • The average score is 39 of 56
Answer Stats
Verein % Correct
Bundesliga Borussia Dortmund
100%
3. Liga Borussia Dortmund II
100%
Bundesliga FC Bayern München
98%
Bundesliga 1. FC Köln
95%
Bundesliga RB Leipzig
95%
Bundesliga Eintracht Frankfurt
93%
Bundesliga Bayer 04 Leverkusen
91%
2. Bundesliga FC Schalke 04
91%
2. Bundesliga Hamburger SV
91%
Bundesliga Hertha BSC
91%
Bundesliga SC Freiburg
91%
3. Liga SC Freiburg II
91%
Bundesliga VfB Stuttgart
91%
2. Bundesliga Werder Bremen
91%
Bundesliga 1. FC Union Berlin
89%
Bundesliga VfL Wolfsburg
89%
Bundesliga Arminia Bielefeld
85%
Bundesliga Borussia Mönchengladbach
85%
Bundesliga FC Augsburg
85%
Bundesliga 1. FSV Mainz 05
84%
2. Bundesliga Hannover 96
84%
Bundesliga VfL Bochum
84%
2. Bundesliga Dynamo Dresden
82%
Bundesliga SpVgg Greuther Fürth
82%
2. Bundesliga Fortuna Düsseldorf
80%
2. Bundesliga 1. FC Nürnberg
78%
Bundesliga TSG 1899 Hoffenheim
76%
3. Liga 1. FC Kaiserslautern
71%
2. Bundesliga Holstein Kiel
71%
3. Liga TSV 1860 München
71%
3. Liga Eintracht Braunschweig
69%
2. Bundesliga FC St. Pauli
69%
2. Bundesliga FC Ingolstadt 04
67%
2. Bundesliga Hansa Rostock
64%
2. Bundesliga Karlsruher SC
64%
2. Bundesliga SV Darmstadt 98
64%
3. Liga 1. FC Saarbrücken
62%
3. Liga SV Waldhof Mannheim
60%
2. Bundesliga SSV Jahn Regensburg
58%
3. Liga VfL Osnabrück
55%
3. Liga MSV Duisburg
53%
2. Bundesliga 1. FC Heidenheim
51%
3. Liga 1. FC Magdeburg
51%
2. Bundesliga SV Sandhausen
51%
2. Bundesliga FC Erzgebirge Aue
49%
2. Bundesliga SC Paderborn 07
49%
3. Liga FC Viktoria Köln
45%
3. Liga SV Wehen Wiesbaden
44%
3. Liga Hallescher FC
38%
3. Liga Würzburger Kickers
38%
3. Liga SC Verl
31%
3. Liga FSV Zwickau
29%
3. Liga SV Meppen
27%
3. Liga FC Viktoria 1889 Berlin
25%
3. Liga TSV Havelse
25%
3. Liga Türkgücü München
25%
No matching quizzes found
Score Distribution
Percent of People with Each Score
Percentile by Number Answered
Your Score History
You have not taken this quiz